[Event "SRB-CupT Central"]
[Site "Serbia"]
[Date "2013.04.27"]
[Round "6.7"]
[White "Zajic, Milan"]
[Black "Kurcubic, Aleksandar"]
[Result "1-0"]
[WhiteElo "2275"]
[BlackElo "2272"]
[PlyCount "78"]
[EventDate "2013.03.24"]
[EventType "team-tourn"]
[EventRounds "8"]
[EventCountry "SRB"]
[SourceTitle "EXT 2018"]
[Source "ChessBase"]
[SourceDate "2017.10.13"]
[SourceVersion "1"]
[SourceVersionDate "2017.10.13"]
[SourceQuality "1"]

1. e4 e5 2. Nf3 Nc6 3. Bb5 a6 4. Ba4 Nf6 5. d3 d6 6. c3 Be7 7. 0-0 Bg4 8. h3 Bh5 9. Re1 0-0 10. Nbd2 b5 11. Bb3 Na5 12. Bc2 c5 13. Nf1 Re8 14. Ng3 Bg6 15. Nh4 d5 16. Nhf5 Bf8 17. Qf3 dxe4 18. dxe4 Qb6 19. Rd1 h6 20. b3 Qe6 21. Be3 Red8 22. Ne2 Bxf5 23. exf5 Qc6 24. Qg3 Rxd1+ 25. Rxd1 Re8 26. Bc1 c4 27. Be3 Kh8 28. Qh4 cxb3 29. axb3 Nb7 30. g4 Nh7 31. g5 hxg5 32. Be4 Qc7 33. Bxg5 Nd6 34. Ng3 f6 35. Be3 Nxe4 36. Nxe4 Qf7 37. b4 g6 38. fxg6 Qxg6+ 39. Kh1 Qf5 1-0

[Event "SRB-CupT Central"]
[Site "Serbia"]
[Date "2013.04.26"]
[Round "5.2"]
[White "Avramovic, Zoran"]
[Black "Kurcubic, Aleksandar"]
[Result "1-0"]
[WhiteElo "2293"]
[BlackElo "2272"]
[PlyCount "95"]
[EventDate "2013.03.24"]
[EventType "team-tourn"]
[EventRounds "8"]
[EventCountry "SRB"]
[SourceTitle "EXT 2018"]
[Source "ChessBase"]
[SourceDate "2017.10.13"]
[SourceVersion "1"]
[SourceVersionDate "2017.10.13"]
[SourceQuality "1"]

1. e4 e5 2. Nf3 Nc6 3. d4 exd4 4. Nxd4 Bc5 5. Nf5 g6 6. Ne3 Nf6 7. Nc3 0-0 8. Bd3 Re8 9. 0-0 Nb4 10. Qf3 Nxd3 11. cxd3 c6 12. Rd1 d5 13. e5 Bxe3 14. Bxe3 Rxe5 15. Bd4 Rf5 16. Qe3 b6 17. b4 Qd6 18. a3 Bd7 19. Re1 Re8 20. Qg3 Qxg3 21. hxg3 h5 22. a4 Be6 23. a5 Nd7 24. axb6 axb6 25. Na4 h4 26. Nxb6 Nxb6 27. Bxb6 hxg3 28. fxg3 Rg5 29. Kf2 Rg4 30. Bc5 Rg5 31. Ra6 Rf5+ 32. Kg1 Rc8 33. Bd4 Rg5 34. Kf2 Bf5 35. Rxc6 Rf8 36. Bf6 Rh5 37. d4 Be6 38. Be5 Re8 39. b5 Bd7 40. Rb6 Rf5+ 41. Ke3 f6 42. g4 Rg5 43. Rxf6 Rxg4 44. b6 Bc8 45. Rc1 Bf5 46. b7 Rg3+ 47. Kf4 Rb3 48. Rxf5 1-0

[Event "SRB-chT3 West"]
[Site "Serbia"]
[Date "2006.??.??"]
[Round "1"]
[White "Kurcubic, Aleksandar"]
[Black "Gazivoda, Slobodan M"]
[Result "1-0"]
[WhiteElo "2331"]
[BlackElo "2114"]
[PlyCount "83"]
[EventDate "2006.09.09"]
[EventType "team"]
[EventRounds "11"]
[EventCountry "SRB"]
[SourceTitle "EXT 2012"]
[Source "ChessBase"]
[SourceDate "2011.11.24"]
[SourceVersion "1"]
[SourceVersionDate "2011.11.24"]
[SourceQuality "1"]

1. e4 c5 2. Nc3 e6 3. f4 d5 4. d3 Nf6 5. e5 Nfd7 6. Nf3 Nc6 7. g3 Be7 8. Bh3 0-0 9. 0-0 f5 10. exf6 Nxf6 11. Re1 Nd4 12. Ne5 Bd6 13. Be3 Qe8 14. Bf2 Qh5 15. Qxh5 Nxh5 16. Bxd4 cxd4 17. Nb5 Bb4 18. Re2 Nf6 19. a3 Be7 20. Nc7 Rb8 21. Bxe6+ Bxe6 22. Nxe6 Rfe8 23. Nf3 Bc5 24. Rae1 Bb6 25. Nexd4 Rxe2 26. Rxe2 Re8 27. Rxe8+ Nxe8 28. Kf1 Nf6 29. Ke2 Kf7 30. Ne5+ Ke7 31. Nf5+ Kf8 32. Nd6 Bg1 33. Nf3 Bb6 34. Nxb7 Ke7 35. b4 Nd7 36. c4 Nf6 37. c5 Bc7 38. Nd4 Kd7 39. a4 Kc8 40. c6 Bb6 41. Ne6 Ne8 42. b5 1-0

[Event "SCG-chT"]
[Site "Budva"]
[Date "2004.09.19"]
[Round "11.4"]
[White "Savanovic, Aleksandar"]
[Black "Kurcubic, Aleksandar"]
[Result "1-0"]
[WhiteElo "2396"]
[BlackElo "2342"]
[PlyCount "87"]
[EventDate "2004.09.08"]
[EventType "team"]
[EventRounds "11"]
[EventCountry "YUG"]
[SourceTitle "CBM 102 Extra"]
[Source "ChessBase"]
[SourceDate "2004.11.03"]
[SourceVersion "1"]
[SourceVersionDate "2004.11.03"]
[SourceQuality "1"]
[WhiteTeam "07"]
[BlackTeam "11"]
[WhiteTeamCountry "YUG"]
[BlackTeamCountry "YUG"]

1. e4 e5 2. Nf3 Nc6 3. Bb5 a6 4. Ba4 Nf6 5. 0-0 Nxe4 6. d4 b5 7. Bb3 d5 8. dxe5 Be6 9. Nbd2 Nc5 10. c3 Be7 11. Bc2 Bg4 12. Re1 Bh5 13. Nf1 Qd7 14. Ne3 Rd8 15. b4 Ne6 16. g4 Bg6 17. Nf5 h5 18. h3 d4 19. Be4 hxg4 20. hxg4 dxc3 21. Qxd7+ Kxd7 22. Bxc6+ Kxc6 23. Nxe7+ Kb7 24. Nxg6 fxg6 25. Be3 a5 26. a3 c5 27. bxc5 Kc6 28. Rab1 Rb8 29. Rb3 b4 30. axb4 Rxb4 31. Rxc3 Rxg4+ 32. Kf1 Re4 33. Rd1 Rh1+ 34. Ke2 Nf4+ 35. Kd2 Rxd1+ 36. Kxd1 Nd5 37. Nd4+ Kc7 38. Ra3 Rxe5 39. Kd2 g5 40. Rxa5 Nf6 41. Ra7+ Kc8 42. c6 Ne4+ 43. Kd3 g6 44. Nb5 1-0

[Event "SCG-chT"]
[Site "Budva"]
[Date "2004.09.17"]
[Round "9.4"]
[White "Kurcubic, Aleksandar"]
[Black "Ristic, Nenad"]
[Result "0-1"]
[WhiteElo "2342"]
[BlackElo "2433"]
[PlyCount "146"]
[EventDate "2004.09.08"]
[EventType "team"]
[EventRounds "11"]
[EventCountry "YUG"]
[SourceTitle "CBM 102 Extra"]
[Source "ChessBase"]
[SourceDate "2004.11.03"]
[SourceVersion "1"]
[SourceVersionDate "2004.11.03"]
[SourceQuality "1"]
[WhiteTeam "11"]
[BlackTeam "06"]
[WhiteTeamCountry "YUG"]
[BlackTeamCountry "YUG"]

1. Nf3 Nf6 2. g3 g6 3. Bg2 Bg7 4. c4 0-0 5. 0-0 c6 6. d4 d6 7. Nc3 Qa5 8. Qd2 e5 9. dxe5 dxe5 10. Ne4 Qxd2 11. Nxf6+ Bxf6 12. Nxd2 Be6 13. Ne4 Be7 14. b3 Na6 15. Ng5 Bg4 16. f3 Bf5 17. g4 Bc5+ 18. Kh1 Bc2 19. Bb2 Be3 20. Ne4 Bxe4 21. fxe4 Bd4 22. Bxd4 exd4 23. Rad1 Rad8 24. Rd2 c5 25. Rfd1 Nc7 26. e3 Ne6 27. exd4 Nxd4 28. e5 b6 29. Bd5 Rfe8 30. Rf1 Re7 31. Rdf2 Rdd7 32. Kg2 Rc7 33. Rf6 Nc2 34. Kg3 Ne3 35. Re1 Rxe5 36. Kf4 Rxd5 37. Rxe3 Rd2 38. h4 Rxa2 39. Rd6 Rc8 40. Rd7 Ra3 41. h5 gxh5 42. gxh5 Ra1 43. Rg3+ Kf8 44. Kg5 Rf1 45. Rxa7 Rc6 46. Ra8+ Kg7 47. Rb8 Rcf6 48. Rd8 R6f5+ 49. Kh4+ Kh6 50. Rd6+ f6 51. Kh3 R1f2 52. Re3 Kxh5 53. Kg3 Rf1 54. Rxb6 Rg5+ 55. Kh2 Rf2+ 56. Kh3 Rf4 57. Rg3 h6 58. Rb5 Rff5 59. b4 cxb4 60. Rxg5+ Kxg5 61. Rxb4 Rf3+ 62. Kg2 Rc3 63. Kf2 h5 64. Ke2 h4 65. Kd2 Rg3 66. Rb8 Rg4 67. Rg8+ Kf4 68. Rf8 Kg3 69. Rxf6 h3 70. Ke2 h2 71. Rf3+ Kg2 72. Rf2+ Kh3 73. Rf3+ Rg3 0-1

[Event "SCG-chT"]
[Site "Budva"]
[Date "2004.09.16"]
[Round "8.4"]
[White "Nikcevic, Nebojsa"]
[Black "Kurcubic, Aleksandar"]
[Result "0-1"]
[WhiteElo "2454"]
[BlackElo "2342"]
[PlyCount "88"]
[EventDate "2004.09.08"]
[EventType "team"]
[EventRounds "11"]
[EventCountry "YUG"]
[SourceTitle "CBM 102 Extra"]
[Source "ChessBase"]
[SourceDate "2004.11.03"]
[SourceVersion "1"]
[SourceVersionDate "2004.11.03"]
[SourceQuality "1"]
[WhiteTeam "09"]
[BlackTeam "11"]
[WhiteTeamCountry "YUG"]
[BlackTeamCountry "YUG"]

1. d4 Nf6 2. c4 e6 3. Nf3 b6 4. Nc3 Bb7 5. a3 d5 6. Bg5 Be7 7. Qa4+ c6 8. Bxf6 Bxf6 9. cxd5 exd5 10. e3 0-0 11. Rd1 Nd7 12. Bd3 c5 13. Bf5 cxd4 14. Nxd4 Nc5 15. Qc2 g6 16. Bg4 Qe7 17. 0-0 Rfd8 18. Nce2 Qe4 19. Qxe4 dxe4 20. b4 Nd3 21. f4 Bd5 22. Rd2 Bg7 23. Bh3 h5 24. g3 f5 25. Bg2 Kf7 26. h3 Kf6 27. Nc1 Nxc1 28. Rxc1 Bf8 29. g4 hxg4 30. hxg4 a5 31. Rc7 fxg4 32. Nc6 Rd6 33. Ne5 Be6 34. Nc4 Bxc4 35. Rxd6+ Bxd6 36. Rxc4 axb4 37. axb4 Ra3 38. Rc6 Ke7 39. Bxe4 Rxe3 40. Bxg6 Re6 41. f5 Bh2+ 42. Kxh2 Rxc6 43. Kg3 Rc4 44. b5 Rb4 0-1

[Event "SCG-chT"]
[Site "Budva"]
[Date "2004.09.12"]
[Round "5.4"]
[White "Kurcubic, Aleksandar"]
[Black "Blagojevic, Dragisa"]
[Result "0-1"]
[WhiteElo "2342"]
[BlackElo "2536"]
[PlyCount "124"]
[EventDate "2004.09.08"]
[EventType "team"]
[EventRounds "11"]
[EventCountry "YUG"]
[SourceTitle "CBM 102 Extra"]
[Source "ChessBase"]
[SourceDate "2004.11.03"]
[SourceVersion "1"]
[SourceVersionDate "2004.11.03"]
[SourceQuality "1"]
[WhiteTeam "11"]
[BlackTeam "03"]
[WhiteTeamCountry "YUG"]
[BlackTeamCountry "YUG"]

1. e4 e5 2. Nf3 Nc6 3. Bb5 a6 4. Bxc6 dxc6 5. 0-0 Qd6 6. Na3 b5 7. c3 c5 8. Qe2 Ne7 9. Rd1 Nc6 10. Nc2 Bg4 11. h3 Bxf3 12. Qxf3 Be7 13. d4 cxd4 14. cxd4 0-0 15. d5 Nd8 16. Ne3 g6 17. a4 Nb7 18. b3 f6 19. Ng4 h5 20. Ne3 Nc5 21. Ba3 Qb6 22. Rac1 Bd6 23. Bxc5 Bxc5 24. Rc3 Kg7 25. Rdc1 Bd6 26. h4 Rf7 27. Rc6 Qa5 28. axb5 axb5 29. Nc2 Qd2 30. Rd1 Qh6 31. Ne3 Ra2 32. g3 Qh8 33. Rdc1 Qa8 34. Qd1 Qa5 35. R6c2 Ra3 36. Rb2 Qa7 37. Qc2 Ra6 38. b4 Ra3 39. Qd2 Rf8 40. Ng2 Rxg3 41. Ra2 Ra3 42. Rca1 Rxa2 43. Rxa2 Qb7 44. Ra3 Ra8 45. Rg3 Kh7 46. Ne3 Qc8 47. Qe2 Qe8 48. Qf3 Qf7 49. Nc2 Rf8 50. Qe2 f5 51. Qxb5 fxe4 52. Rg2 Qe7 53. Rg5 Rf4 54. Ne3 Rxh4 55. Rg2 Bxb4 56. Qb8 Bd6 57. Nf5 Qf6 58. Nxh4 Qxh4 59. Qe8 Qf6 60. Kh1 e3 61. fxe3 Qf1+ 62. Kh2 e4+ 0-1

[Event "SCG-chT"]
[Site "Budva"]
[Date "2004.09.11"]
[Round "4.4"]
[White "Miljkovic, Miroslav M"]
[Black "Kurcubic, Aleksandar"]
[Result "1/2-1/2"]
[WhiteElo "2406"]
[BlackElo "2342"]
[PlyCount "69"]
[EventDate "2004.09.08"]
[EventType "team"]
[EventRounds "11"]
[EventCountry "YUG"]
[SourceTitle "CBM 102 Extra"]
[Source "ChessBase"]
[SourceDate "2004.11.03"]
[SourceVersion "1"]
[SourceVersionDate "2004.11.03"]
[SourceQuality "1"]
[WhiteTeam "04"]
[BlackTeam "11"]
[WhiteTeamCountry "YUG"]
[BlackTeamCountry "YUG"]

1. d4 Nf6 2. c4 e6 3. Nc3 Bb4 4. Qc2 0-0 5. a3 Bxc3+ 6. Qxc3 b6 7. Bg5 Bb7 8. e3 h6 9. Bh4 d5 10. c5 bxc5 11. dxc5 c6 12. Bd3 a5 13. Nf3 Nbd7 14. 0-0 Ba6 15. Bxa6 Rxa6 16. b4 Qb8 17. Nd4 Ne4 18. Qd3 Qa7 19. f3 Nef6 20. Bxf6 Nxf6 21. b5 cxb5 22. Rfc1 Nd7 23. Nxb5 Qb8 24. Rab1 Ne5 25. Qe2 Qc8 26. Nd6 Qa8 27. f4 Nd7 28. Qb5 Rc6 29. f5 Rb8 30. Nb7 Rxc5 31. Rxc5 Nxc5 32. Qxc5 Rxb7 33. Rxb7 Qxb7 34. fxe6 fxe6 35. Qxa5 1/2-1/2

[Event "SCG-chT"]
[Site "Budva"]
[Date "2004.09.09"]
[Round "2.4"]
[White "Ristic, Nebojsa M"]
[Black "Kurcubic, Aleksandar"]
[Result "1-0"]
[WhiteElo "2376"]
[BlackElo "2342"]
[PlyCount "111"]
[EventDate "2004.09.08"]
[EventType "team"]
[EventRounds "11"]
[EventCountry "YUG"]
[SourceTitle "CBM 102 Extra"]
[Source "ChessBase"]
[SourceDate "2004.11.03"]
[SourceVersion "1"]
[SourceVersionDate "2004.11.03"]
[SourceQuality "1"]
[WhiteTeam "10"]
[BlackTeam "11"]
[WhiteTeamCountry "YUG"]
[BlackTeamCountry "YUG"]

1. Nf3 Nf6 2. d4 e6 3. c4 b6 4. g3 Ba6 5. Nbd2 c5 6. Bg2 Bb7 7. 0-0 d5 8. dxc5 Bxc5 9. b3 dxc4 10. Nxc4 0-0 11. Bb2 Qe7 12. Qc2 Nbd7 13. Nfe5 Bxg2 14. Kxg2 Nxe5 15. Nxe5 Qb7+ 16. Nf3 Ne4 17. Rad1 Rac8 18. Qb1 h6 19. b4 Be7 20. Rd4 Ng5 21. Rfd1 Nxf3 22. exf3 Rfd8 23. Rg4 Bf8 24. Rxd8 Rxd8 25. Qc2 b5 26. Qc3 f5 27. Rg6 Qf7 28. Rxh6 Bxb4 29. Qxb4 gxh6 30. Qxb5 Qc7 31. Qe2 Re8 32. Qe3 Kh7 33. Be5 Qf7 34. Bd4 e5 35. Bxe5 Qxa2 36. Qc5 Qf7 37. Bd4 a6 38. h4 Qd7 39. Be3 Ra8 40. Qb6 Qg7 41. Bxh6 Qf7 42. Bf4 Re8 43. Qh6+ Kg8 44. Qxa6 Re6 45. Qb5 Kh7 46. Be3 Rg6 47. Qe5 Qf6 48. Qf4 Qe6 49. Bd4 Qf7 50. g4 Re6 51. g5 Kg8 52. Bc3 Re8 53. Qd4 Qg6 54. Qd7 Rf8 55. f4 Rf7 56. Qe8+ 1-0

[Event "SCG-chT"]
[Site "Petrovac"]
[Date "2004.05.19"]
[Round "4.3"]
[White "Nedeljkovic, Dragan"]
[Black "Kurcubic, Aleksandar"]
[Result "0-1"]
[WhiteElo "2209"]
[BlackElo "2363"]
[PlyCount "86"]
[EventDate "2004.05.16"]
[EventType "team"]
[EventRounds "7"]
[EventCountry "YUG"]
[SourceTitle "CBM 100 Extra"]
[Source "ChessBase"]
[SourceDate "2004.07.06"]
[SourceVersion "2"]
[SourceVersionDate "2004.07.06"]
[SourceQuality "1"]
[WhiteTeam "18"]
[BlackTeam "15"]
[WhiteTeamCountry "YUG"]
[BlackTeamCountry "YUG"]

1. e4 e5 2. Nf3 Nc6 3. Bb5 a6 4. Bxc6 dxc6 5. 0-0 f6 6. d4 Bg4 7. dxe5 Qxd1 8. Rxd1 fxe5 9. Be3 Bd6 10. Nbd2 Nf6 11. c4 c5 12. h3 Bh5 13. Re1 b6 14. Bg5 Nd7 15. Nh4 Bf7 16. Nf5 Bf8 17. Ne3 h6 18. Bh4 g5 19. Bg3 0-0-0 20. Nf3 Bd6 21. b3 Bh5 22. Ng4 Rde8 23. Re3 Re6 24. Nfh2 Nb8 25. f3 Nc6 26. Rd3 Nd4 27. Rd2 Kb7 28. Nf1 a5 29. Nfe3 a4 30. Rb1 Bg6 31. Nd5 h5 32. Nge3 Ra8 33. h4 g4 34. fxg4 Bxe4 35. Re1 axb3 36. axb3 Nxb3 37. Rb2 Na5 38. Nc3 Bd3 39. gxh5 Nxc4 40. Nxc4 Bxc4 41. Re4 Bd3 42. Re3 c4 43. Bh2 Bc5 0-1

[Event "SCG-chT"]
[Site "Petrovac"]
[Date "2004.05.16"]
[Round "1.3"]
[White "Kurcubic, Aleksandar"]
[Black "Novoselski, Zoran"]
[Result "0-1"]
[WhiteElo "2363"]
[BlackElo "2358"]
[PlyCount "74"]
[EventDate "2004.05.16"]
[EventType "team"]
[EventRounds "7"]
[EventCountry "YUG"]
[SourceTitle "CBM 100 Extra"]
[Source "ChessBase"]
[SourceDate "2004.07.06"]
[SourceVersion "2"]
[SourceVersionDate "2004.07.06"]
[SourceQuality "1"]
[WhiteTeam "15"]
[BlackTeam "09"]
[WhiteTeamCountry "YUG"]
[BlackTeamCountry "YUG"]

1. Nf3 Nf6 2. d4 g6 3. g3 Bg7 4. Bg2 0-0 5. 0-0 d5 6. c4 dxc4 7. Qc2 Bf5 8. Qxc4 Nbd7 9. Nc3 Nb6 10. Qb3 c6 11. Rd1 a5 12. Bg5 h6 13. Bf4 a4 14. Qb4 g5 15. Be3 e6 16. Rac1 Ng4 17. Nd2 Nxe3 18. fxe3 Nd5 19. Nxd5 cxd5 20. Bf3 g4 21. Bg2 Qg5 22. Rc3 Rfd8 23. Nf1 b5 24. Qxb5 Rdb8 25. Qc6 Qd8 26. e4 Rb6 27. Qc7 dxe4 28. Qxd8+ Rxd8 29. e3 Rxb2 30. a3 Ra2 31. Nd2 e5 32. Nxe4 Rxg2+ 33. Kxg2 Bxe4+ 34. Kg1 exd4 35. Rc4 Bf3 36. Rd2 d3 37. Kf2 f5 0-1

[Event "SCG-chT"]
[Site "Budva"]
[Date "2003.??.??"]
[Round "5.16"]
[White "Kurcubic, Aleksandar"]
[Black "Kosoric, Arsenije"]
[Result "1-0"]
[WhiteElo "2362"]
[BlackElo "2204"]
[PlyCount "101"]
[EventDate "2003.09.??"]
[EventType "team"]
[EventRounds "11"]
[EventCountry "YUG"]
[SourceTitle "CBM 096 Extra"]
[Source "ChessBase"]
[SourceDate "2003.10.22"]
[SourceVersion "2"]
[SourceVersionDate "2003.10.20"]
[SourceQuality "1"]

1. Nf3 Nf6 2. c4 g6 3. g3 Bg7 4. Bg2 0-0 5. 0-0 d6 6. d4 c6 7. Nc3 Qc7 8. h3 Nbd7 9. e4 e5 10. Re1 h6 11. Be3 Re8 12. Qd2 g5 13. Rad1 Nf8 14. dxe5 dxe5 15. Bc5 Ng6 16. Na4 Be6 17. Bd6 Qc8 18. Kh2 Bxc4 19. b3 Be6 20. Nc5 Bxh3 21. Bxh3 g4 22. Nxe5 Nxe5 23. Bg2 Nf3+ 24. Bxf3 gxf3 25. Qf4 b6 26. Nd3 Qg4 27. e5 Qh5+ 28. Qh4 Qxh4+ 29. gxh4 Nd5 30. Kg3 Re6 31. Kxf3 f6 32. Kg3 Rae8 33. f4 f5 34. Kf3 Rg6 35. Rg1 Rg4 36. Rxg4 fxg4+ 37. Kg3 h5 38. Re1 Bf8 39. f5 Bh6 40. Kf2 Bd2 41. Re2 Bc3 42. Kg3 Kf7 43. Nf4 Nxf4 44. Kxf4 c5 45. Kg5 Rg8+ 46. Kxh5 Ke8 47. e6 Bf6 48. Rg2 Rh8+ 49. Kxg4 Rxh4+ 50. Kf3 Rh8 51. Ke4 1-0

[Event "SCG-chT"]
[Site "Budva"]
[Date "2003.??.??"]
[Round "7.16"]
[White "Kurcubic, Aleksandar"]
[Black "Vojinovic, Goran"]
[Result "0-1"]
[WhiteElo "2362"]
[BlackElo "2471"]
[PlyCount "106"]
[EventDate "2003.09.??"]
[EventType "team"]
[EventRounds "11"]
[EventCountry "YUG"]
[SourceTitle "CBM 096 Extra"]
[Source "ChessBase"]
[SourceDate "2003.10.22"]
[SourceVersion "2"]
[SourceVersionDate "2003.10.20"]
[SourceQuality "1"]

1. c4 e6 2. Nf3 Nf6 3. g3 d5 4. Bg2 Be7 5. d4 0-0 6. Nc3 c6 7. 0-0 Nbd7 8. cxd5 exd5 9. b3 Re8 10. Bb2 Bd6 11. Re1 Nb6 12. Qc2 Bg4 13. Nh4 Bd7 14. Nf5 Bf8 15. Ne3 Qc8 16. Qd3 Bh3 17. Bh1 Qd7 18. Rad1 a5 19. Rc1 a4 20. f3 Bb4 21. a3 Bf8 22. b4 Rxe3 23. Qxe3 Nc4 24. Qd3 Nxb2 25. Qc2 Nc4 26. Nxa4 b5 27. Nc5 Bxc5 28. bxc5 h5 29. Ra1 Bf5 30. Qb3 Ra4 31. Ra2 h4 32. g4 Bg6 33. Bg2 Qa7 34. Rea1 Nh7 35. e3 Nf8 36. Bf1 Qe7 37. Re1 Ne6 38. Kf2 Qf6 39. Be2 Ng5 40. Kg2 Qe7 41. Bd1 h3+ 42. Kg3 Qc7+ 43. f4 Be4 44. Kf2 Ne6 45. Ree2 g5 46. Qc3 Ra8 47. Kg1 gxf4 48. exf4 Qxf4 49. Rf2 Qe3 50. Qxe3 Nxe3 51. Bf3 Bg6 52. Rfd2 Nc4 53. Rd1 b4 0-1

[Event "SCG-chT"]
[Site "Budva"]
[Date "2003.??.??"]
[Round "2.16"]
[White "Nikac, Predrag"]
[Black "Kurcubic, Aleksandar"]
[Result "0-1"]
[WhiteElo "2344"]
[BlackElo "2362"]
[PlyCount "130"]
[EventDate "2003.09.??"]
[EventType "team"]
[EventRounds "11"]
[EventCountry "YUG"]
[SourceTitle "CBM 096 Extra"]
[Source "ChessBase"]
[SourceDate "2003.10.22"]
[SourceVersion "2"]
[SourceVersionDate "2003.10.20"]
[SourceQuality "1"]

1. e4 e5 2. Bc4 Nc6 3. Nf3 Be7 4. 0-0 Nf6 5. d3 0-0 6. Re1 d6 7. a4 Be6 8. Nbd2 Re8 9. a5 a6 10. Bxe6 fxe6 11. c3 Qd7 12. Nc4 Bf8 13. Bg5 Qf7 14. Qb3 Rab8 15. d4 exd4 16. cxd4 Nd7 17. Rac1 d5 18. exd5 exd5 19. Rxe8 dxc4 20. Rxf8+ Rxf8 21. Qxc4 Qxc4 22. Rxc4 Rf5 23. Bd2 Nf6 24. Kf1 Rb5 25. Ne5 Nxd4 26. Rxd4 Rxe5 27. Rb4 Rxa5 28. Rxb7 Rb5 29. Rxc7 Rxb2 30. Be3 Nd5 31. Rxg7+ Kxg7 32. Bd4+ Kg6 33. Bxb2 Kf5 34. Ke2 a5 35. h3 a4 36. g3 h5 37. Kf3 Nb4 38. Ke3 Nd5+ 39. Kd4 Nb4 40. Kc4 Nc2 41. Bc3 Ke4 42. Bd2 Nd4 43. Be3 Nf3 44. Kb4 Ng1 45. g4 hxg4 46. hxg4 Nf3 47. Kxa4 Nh2 48. g5 Kf5 49. f4 Nf3 50. Kb5 Nh4 51. Kc6 Ng6 52. Kd6 Nh4 53. Ke7 Ng6+ 54. Kf7 Nh8+ 55. Kg7 Ng6 56. Kh6 Nf8 57. Bc5 Ng6 58. Bd6 Nh8 59. Be5 Ng6 60. Bd6 Nh8 61. Kh5 Ng6 62. Be5 Ne7 63. Kh6 Ng6 64. Bd6 Nh8 65. Be7 Ng6 0-1

[Event "SCG-chT"]
[Site "Budva"]
[Date "2003.??.??"]
[Round "4.16"]
[White "Ristic, Nebojsa M"]
[Black "Kurcubic, Aleksandar"]
[Result "1/2-1/2"]
[WhiteElo "2170"]
[BlackElo "2362"]
[PlyCount "26"]
[EventDate "2003.09.??"]
[EventType "team"]
[EventRounds "11"]
[EventCountry "YUG"]
[SourceTitle "CBM 096 Extra"]
[Source "ChessBase"]
[SourceDate "2003.10.22"]
[SourceVersion "2"]
[SourceVersionDate "2003.10.20"]
[SourceQuality "1"]

1. e4 e5 2. Bc4 Nc6 3. Nf3 Be7 4. d3 Nf6 5. c3 d6 6. Bb3 0-0 7. Nbd2 Be6 8. Nf1 Bxb3 9. axb3 Re8 10. Ng3 Bf8 11. 0-0 g6 12. b4 a6 13. Qb3 Qd7 1/2-1/2

[Event "YUG Cup"]
[Site "Ulcinj"]
[Date "1997.??.??"]
[Round "?"]
[White "Kurcubic, Aleksandar"]
[Black "Rajevic, Gavrilo"]
[Result "1/2-1/2"]
[WhiteElo "2290"]
[BlackElo "2275"]
[PlyCount "128"]
[EventDate "1997.??.??"]
[EventType "team"]
[EventRounds "7"]
[EventCountry "YUG"]
[SourceTitle "EXT 1999"]
[Source "ChessBase"]
[SourceDate "1998.11.16"]
[SourceVersion "1"]
[SourceVersionDate "1998.11.16"]
[SourceQuality "1"]

1. Nf3 Nf6 2. c4 g6 3. Nc3 Bg7 4. g3 0-0 5. Bg2 d6 6. d4 c5 7. 0-0 Nc6 8. a3 Bg4 9. dxc5 dxc5 10. Be3 Nd7 11. Rc1 Rc8 12. b3 b6 13. h3 Bxf3 14. Bxf3 Nde5 15. Be4 Qxd1 16. Rfxd1 Na5 17. Nd5 Rfe8 18. Rb1 e6 19. Nf4 Red8 20. Rxd8+ Rxd8 21. Bc2 Nec6 22. Kf1 Bc3 23. Bd3 Ne5 24. Bc2 Nec6 25. h4 Bd2 26. Ng2 Bxe3 27. Nxe3 Nd4 28. Bd1 Rc8 29. Ng2 Rd8 30. e3 Nf5 31. Ke2 Nd6 32. Nf4 Ne4 33. Ke1 Nc3 34. Rc1 Rxd1+ 35. Rxd1 Nxd1 36. Kxd1 Nxb3 37. Kc2 Na5 38. Kc3 Kf8 39. Nh3 Nc6 40. Ng5 h6 41. Ne4 Ke7 42. f4 f5 43. Nf2 e5 44. Kd3 a6 45. Nd1 b5 46. cxb5 axb5 47. Nc3 b4 48. axb4 cxb4 49. Ne2 exf4 50. gxf4 Na5 51. Ng3 Kf6 52. Kd4 b3 53. Kc3 h5 54. Nf1 Ke6 55. Nd2 Kd5 56. Kb4 b2 57. Kxa5 b1Q 58. Nxb1 Ke4 59. Nc3+ Kxe3 60. Nd5+ Ke4 61. Ne7 Kxf4 62. Nxg6+ Kg3 63. Kb4 f4 64. Nxf4 Kxf4 1/2-1/2

[Event "Wch U26"]
[Site "Leon"]
[Date "1996.??.??"]
[Round "2"]
[White "Dgebuadze, Alexandre"]
[Black "Kurcubic, Aleksandar"]
[Result "1-0"]
[WhiteElo "2425"]
[BlackElo "2315"]
[PlyCount "97"]
[EventDate "1996.??.??"]
[EventType "swiss"]
[EventRounds "9"]
[EventCountry "ESP"]
[SourceTitle "EXT 1997"]
[Source "ChessBase"]
[SourceDate "1996.11.15"]
[SourceVersion "1"]
[SourceVersionDate "1996.11.15"]
[SourceQuality "1"]

1. e4 e5 2. Nf3 Nc6 3. Bb5 a6 4. Ba4 Nf6 5. d3 d6 6. c3 Be7 7. 0-0 0-0 8. Re1 Re8 9. Nbd2 Bf8 10. Nf1 b5 11. Bc2 g6 12. a4 Bb7 13. Ng3 Nb8 14. Bb3 Nbd7 15. Ba2 Re7 16. Bg5 h6 17. Be3 Bg7 18. h3 c5 19. b4 Rc8 20. axb5 axb5 21. Bb3 d5 22. Ra7 Qb6 23. Qa1 d4 24. Bd2 c4 25. dxc4 bxc4 26. Bd1 Nb8 27. Ra3 Ne8 28. Ba4 Nd6 29. Bc1 Bc6 30. Bb2 Bxa4 31. Rxa4 Nb5 32. Nf1 Nc6 33. N3d2 Nca7 34. Rc1 Rec7 35. Qa2 Qb7 36. Ba1 Nxc3 37. Bxc3 dxc3 38. Nb1 Nb5 39. Nxc3 Nxc3 40. Rxc3 Qxe4 41. b5 Qd4 42. Rc1 Rc5 43. b6 Rb8 44. Ra8 Qd8 45. b7 Rb5 46. Rd1 Qxd1 47. Rxb8+ Kh7 48. Qxc4 Rb1 49. Ra8 1-0

[Event "Wch U26"]
[Site "Leon"]
[Date "1996.??.??"]
[Round "3"]
[White "Kurcubic, Aleksandar"]
[Black "Van Beers, Eddy"]
[Result "1-0"]
[WhiteElo "2315"]
[BlackElo "2275"]
[PlyCount "191"]
[EventDate "1996.??.??"]
[EventType "swiss"]
[EventRounds "9"]
[EventCountry "ESP"]
[SourceTitle "EXT 1997"]
[Source "ChessBase"]
[SourceDate "1996.11.15"]
[SourceVersion "1"]
[SourceVersionDate "1996.11.15"]
[SourceQuality "1"]

1. e4 e5 2. Nf3 Nc6 3. c3 d5 4. Qa4 Qd6 5. Bb5 Bd7 6. exd5 Qxd5 7. 0-0 Be7 8. Re1 Nf6 9. d3 0-0 10. Bg5 h6 11. Bh4 a6 12. Bc4 Qd6 13. Qd1 b5 14. Bb3 Bg4 15. Bc2 Nd5 16. Bg3 Qf6 17. Nbd2 Rad8 18. Qb1 Bxf3 19. Nxf3 Nf4 20. Re4 g5 21. Qe1 Bd6 22. d4 exd4 23. cxd4 Nb4 24. Bb3 Nbd3 25. Qc3 Rfe8 26. Bxf4 Nxf4 27. Rae1 Rxe4 28. Rxe4 Qf5 29. Qe3 Kg7 30. h3 Nd5 31. Bxd5 Qxd5 32. b3 c5 33. dxc5 Bxc5 34. Qc3+ Kg8 35. Re5 Qd1+ 36. Re1 Qd6 37. Qc2 Bb4 38. Rc1 Qe6 39. Qc7 Qd6 40. Qb7 Rd7 41. Qa8+ Rd8 42. Qe4 Qe7 43. Qc6 Qd6 44. Qe4 Qe7 45. Qf5 Qd7 46. Qf6 Qd6 47. Qa1 Bc5 48. Qb1 Ba3 49. Rf1 Bb4 50. Nh2 Qd3 51. Qc1 Qc3 52. Qb1 Qd3 53. Qc1 Qc3 54. Nf3 Qxc1 55. Rxc1 Rd6 56. Kf1 Kg7 57. Ke2 Kf6 58. g4 Ba5 59. Rc5 Bb4 60. Rf5+ Kg7 61. Re5 Rd8 62. Re4 Bc3 63. Re7 Rd6 64. Ra7 b4 65. Kf1 Kg6 66. h4 gxh4 67. Nxh4+ Kg5 68. Nf5 Rf6 69. Kg2 Kxg4 70. Ne3+ Kg5 71. Rd7 Be1 72. f3 Re6 73. Nd5 f6 74. f4+ Kf5 75. Kf3 Re8 76. Rd6 Kg6 77. Nxf6 Rc8 78. Ne4+ Kg7 79. f5 a5 80. Rg6+ Kf8 81. Ra6 h5 82. Rxa5 Rd8 83. Kf4 h4 84. f6 h3 85. Rh5 Rd3 86. Kg4 Rd4 87. Kf4 Rd3 88. Ke5 Bc3+ 89. Ke6 Kg8 90. Nxc3 bxc3 91. f7+ Kg7 92. Rg5+ Kh6 93. f8Q+ Kxg5 94. Qf5+ Kh4 95. Qxd3 h2 96. Qf1 1-0